书目信息 |
| 题名: |
奢华不贵的旅行
|
|
| 作者: | TOPCHINA 著 | |
| 分册: | ||
| 出版信息: | 北京 中国旅游出版社 2014.01 |
|
| 页数: | 343页 | |
| 开本: | 23cm | |
| 丛书名: | ||
| 单 册: | ||
| 中图分类: | K919.1 | |
| 科图分类: | ||
| 主题词: | 旅游指南--世界 , 旅游指南 | |
| 电子资源: | ||
| ISBN: | 978-7-5032-4853-5 | |
| 000 | 00788nam0 2200253 450 | |
| 001 | 0120131201976 | |
| 005 | 20140610112413.60 | |
| 010 | @a978-7-5032-4853-5@dCNY59.80 | |
| 100 | @a20131231d2014 em y0chiy0110 ea | |
| 101 | 0 | @achi |
| 102 | @aCN@b110000 | |
| 105 | @aa z 000yy | |
| 106 | @ar | |
| 200 | 1 | @a奢华不贵的旅行@9she hua bu gui de lu^ xing@fTOPCHINA著 |
| 210 | @a北京@c中国旅游出版社@d2014.01 | |
| 215 | @a343页@c图@d23cm | |
| 330 | @a本书主要内容包括:奢华不贵之澳大利亚21日游;悠游天下之新西兰北岛、大溪地、西澳大利亚25日游;马尔代夫:我的选择 马尔代夫10日游等。 | |
| 333 | @a旅游爱好者 | |
| 606 | 0 | @a旅游指南@y世界 |
| 606 | 0 | @a旅游指南 |
| 690 | @aK919.1@v5 | |
| 701 | 0 | @aTOPCHINA@4著 |
| 801 | 0 | @aCN@b人天书店@c20131231 |
| 905 | @b846503-05@dK919.1@e222@f3 | |
| 奢华不贵的旅行/TOPCHINA著.-北京:中国旅游出版社,2014.01 |
| 343页:图;23cm |
| 使用对象:旅游爱好者 |
| ISBN 978-7-5032-4853-5:CNY59.80 |
| 本书主要内容包括:奢华不贵之澳大利亚21日游;悠游天下之新西兰北岛、大溪地、西澳大利亚25日游;马尔代夫:我的选择 马尔代夫10日游等。 |
| ● |
| 相关链接 |
|
|
|
|
正题名:奢华不贵的旅行
索取号:K919.1/222
 
预约/预借
| 序号 | 登录号 | 条形码 | 馆藏地/架位号 | 状态 | 备注 |
| 1 | 846503 | 208465034 | 第二样本阅览室/ [索取号:K919.1/222] | 在馆 | |
| 2 | 846504 | 208465043 | 密集书库-资源管理系/ [索取号:K919.1/222] | 在馆 | |
| 3 | 846505 | 208465052 | 第二借阅区/ [索取号:K919.1/222] | 在馆 |